| 000 | 02538 a2200361 4500 | ||
|---|---|---|---|
| 001 | 41310 | ||
| 005 | 20260407155707.0 | ||
| 008 | 260407a2015 arg spa d | ||
| 003 | AR-UNSa-BCEJYS | ||
| 040 |
_aAR-UNSa-BCEJYS _bspa _cAR-UNSa-BCEJYS |
||
| 080 |
_a347.51 _xResponsabilidad civil en general |
||
| 245 | 1 | 0 |
_aCódigo Civil y Comercial de la Nación _pResponsabilidad civil |
| 264 | 1 |
_aBuenos Aires : _bErreius _c2015 |
|
| 300 |
_a107 p. _c26 cm. |
||
| 505 | _a1. La nueva estructura de la responsabilidad civil en el Código Civil y Comercial de la Nación / Rodolfo González Zavala - 2. La valoración del daño en el Código Civil y Comercial de la Nación / Esteban J. Arias y Matías L. Nieto - 3. La responsabilidad parental en el Código Civil y Comercial de la Nación. Nuevos conceptos para realidades cambiantes / Diego Mielnicki y Facundo J. Roitman - 4. Responsabilidad colectiva y anónima en el Código Civil y Comercial de la Nación / Marcelo A. Lencina - 5. Apostillas sobre la responsabilidad de la persona jurídica y de sus administradores en la nueva legislación civil y comercial / Mauricio Boretto - 6. La responsabilidad civil en el Código Civil y Comercial de la Nación, con especial referencia a los establecimientos educativos / Darío A. Victorre - 7. La responsabilidad civil del abogado en el Código Civil y Comercial de la Nación / Sandra M. Wierzba - 8. El Código Civil y Comercial de la Nación y las relaciones entre la acción civil y penal / Graciela Lovece - 9. Responsabilidad del gestor en el Código Civil y Comercial de la Nación / Marcelo Hersalis - 10. Responsabilidad civil extracontractual multinacional. Un panorama actual de su regulación en el Código Civil y Comercial de la Nación / Pablo R. Masud - 11. Responsabilidad civil por daño ambiental de incidencia colectiva en el Código Civil y Comercial de la Nación / Luis Cavalli | ||
| 041 | _aspa | ||
| 942 | _cBK | ||
| 590 | _aniveau_biblio:m niveau_hierar:0 | ||
| 100 | 1 | _aArias Cáu, Esteban J. | |
| 700 | 1 | _aGonzález Zavala, Rodolfo | |
| 700 | 1 | _aNieto, Matías L. | |
| 700 | 1 | _aMielnicki, Diego | |
| 700 | 1 | _aRoitman, Facundo J. | |
| 700 | 1 | _aLencina, Marcelo A. | |
| 700 | 1 | _aBoretto, Mauricio | |
| 700 | 1 | _aVicttore, Darío A. | |
| 700 | 1 | _aWierzba, Sandra M. | |
| 700 | 1 | _aLovece, Graciela | |
| 700 | 1 | _aHersalis, Marcelo | |
| 700 | 1 | _aMasud, Pablo R. | |
| 700 | 1 | _aCavalli, Luis | |
| 856 | 4 | 1 |
_uhttps://biblioeco.unsa.edu.ar/pmb/images/libros/E00026.jpg _yImagen de portada _qimage/jpeg |
| 999 |
_c3454 _d3454 |
||